Blue Exorcist Quiz #1 - Statistiques

Statistiques générales
  • Ce quiz a été pris 58 fois
    57 depuis la dernière actualisation
  • Le résultat moyen est 7 sur 15
Statistiques - réponses
Question Réponse % Correct
Quel lien uni Rin et Yukio ? Frères
91%
Qui est leur père biologique ? Satan
82%
Lequel des deux est l'ainé ? Rin Okumura
62%
Comment se nomme le directeur de l'académie ? Méphisto Phélès
56%
De quelle ville viennent le trio Ryuji, Renzô et Konekomaru ? Kyoto
53%
Comment nomme-t-on les démons "amicaux" que les exorcistes gardent à leurs cotés ? Les Familiers
50%
Kuro en est un, à qui appartenait-il avant Rin ? Shiro Fujimoto
50%
Qui est le leader de cette organisation ? Lucifer
47%
Comment se nomme son frère, démon de la terre ? Amaimon
44%
Comment se nomme la mère des frères Okumura ? Yuri Egin
41%
Comment se nomme "l'école" où les protagonistes étudient ? L'académie de la Croix-Vraie
38%
Quel protagoniste était en fait le "traitre" travaillant pour "Illuminati" ? Renzo Shima
38%
Comment se nomme le sabre de Rin ? Kurikara
35%
A quel évangile sont faibles les Goules ? L'évangile selon Saint Jean
24%
Comment se nomme le démon taureau de flammes noires que contrôle Renzô ? Yamantaka
18%
Aucun quiz correspondant
Distribution des résultats
% des personnes avec chaque résultat
Percentile par nombre de réponses
Votre historique - résultats
Vous n’avez pas pris ce quiz depuis la dernière actualisation